00473 2200181 4500001002100000005001700021006001900038008004100057020001800098035002500116084001400141100002300155245004300178250000600221260003000227650001300257990002100270INLIS00000000000246620161020145408.0a ||| | 170609| ||| |  a979-794-185-X a0010-011500000000469 a005 DIR p0 aDirgayuza Setiawan00aPanduan praktis mengoptimalkan twitter a1 aJakartabMedia Kitac2009 0aKomputer a0936/B/KPAD/2010